Responses for show #7583 - Wednesday, July 26, 2017

Justin Vossler game 5.

Contestants

Kellie Packwood, a software engineer from Austin, Texas

Seth Cope, a purchasing manager from Savannah, Georgia

Justin Vossler, a high school history teacher from Homer, New York (whose 4-day cash winnings total $92,800)

Jeopardy! Round responses

THE DIRECTOR'S CUT
ELECTRICITY
WHO WROTE IT?
N*P*R
ENGLISH MUFFINS
CROOKS & NANNIES
    $200 2
Moneyball

Justin
    $200 5
a catfish

Seth
    $200 17
Anne Rice

Seth
    $200 1
transparent

Kellie
    $200 10
an Egg McMuffin

Justin
    $200 23
Tiger Woods

Justin
    $400 3
The Wizard of Oz

Seth
    $400 6
ions

Justin
    $400 19
William S. Burroughs

Justin
    $400 18
handsprings

Triple Stumper
    $400 11
crouton

Justin
    $400 24
barons

Kellie
    $600 4
Saturday Night Fever

Triple Stumper
    $600 7
nerves

Triple Stumper
    $600 20
C.S. Lewis

Seth
    $600 28
cinematographer

Seth
    $600 12
eggs Benedict

Kellie
    $600 25
time-out

Justin
    $800 13
Spartacus

Seth
    $800 8
electrolytes

Justin
    $800 21
Truman Capote

Justin
    $800 29
Singapore

Seth
    $800 14
Thomas

Justin
    $1,500 26
Machine Gun Kelly

Justin
    $1000 16
(Alex: Star of the show, too.)

Clint Eastwood

Justin
    $1000 9
an insulator

Seth
    $1000 22
S.E. Hinton

Triple Stumper
    $1000 30
a minesweeper

Seth
    $1000 15
a crumpet

Justin
    $1000 27
George and Charlotte

Justin

Scores at the first commercial break (after clue 15):

Justin Seth Kellie
$3,800 $2,400 $800

Scores at the end of the Jeopardy! Round:

Justin Seth Kellie
$9,300 $5,600 $1,200

Double Jeopardy! Round responses

LUCKY 13th CENTURY
BEE WORDS
ELECTIONS IN CANADA
A TALE OF "NEW" CITIES
BRITANNICA BYLINES
LYRICS FROM BROADWAY
(Alex: Name the show from which each lyric was taken.)
    $400 6
Cairo

Kellie
    $400 11
hives

Kellie
    $400 1
prime minister

Seth
    $400 16
New Haven

Seth
    $400 21
Harry Houdini

Triple Stumper
    $400 26
West Side Story

Seth
    $800 7
(Justin: What is Denmark?)

Norway

JustinSeth
    $800 12
drone

Seth
    $800 2
opposition

Justin
    $800 17
New Orleans

Justin
    $800 22
(Justin: What is Saint Petersburg?)
[Originally ruled incorrect; ruled correct before Final Jeopardy!]

Moscow (or Saint Petersburg)

JustinKellie
    $800 27
(Justin: What is Aida?)

Joseph and the Amazing Technicolor Dreamcoat

Justin
Triple Stumper
    $1200 8
Italy

Seth
    $1200 13
nectar

Justin
    $1200 3
(Seth: What is a territory?)

a prison

JustinSeth
    $2,500 18
New Delhi

Justin
    $1200 23
skateboarding

Justin
    $1,400 28
(Alex: Seth?)
(Seth: I don't know.)

The Book of Mormon

Seth
    $1600 9
Thomas Aquinas

Seth
    $1600 14
buzzwords

Kellie
    $1600 4
Quebecois

Seth
    $1600 19
New Bedford

Seth
    $1600 24
(John) Muir

Seth
    $1600 29
A Chorus Line

Triple Stumper
    $2000 10
the Capetian

Justin
    $2000 15
a queen

Triple Stumper
    $2000 5
the ridings

Triple Stumper
    $2000 20
Newport

Justin
    $2000 25
Desmond Tutu

Justin
    $2000 30
Into the Woods

Triple Stumper

Scores at the end of the Double Jeopardy! Round:

Justin Seth Kellie
$22,200 $13,400 $4,400

[wagering suggestions for these scores]

Final Jeopardy! Round responses

NOVELS
(Alex: [To Justin] The novel was about Santiago, the fisherman. [*]. Hemingway's novel.)
KellieWhat is The Talented Mr. Ripley??
$0
SethWhat is Man in the Grey Flannel Suit
$13,000
JustinWhat is Bridges on the of Toko-Ri
$5,000
The Old Man and the Sea

Final scores:

Justin Seth Kellie
$17,200 $400 $4,400
5-day champion: $110,000 3rd place: $1,000 2nd place: $2,000

Game dynamics:

Coryat scores:

Justin Seth Kellie
$20,200 $14,800 $4,400
24 R
(including 2 DDs),
2 W
19 R,
2 W
(including 1 DD)
7 R,
0 W

Combined Coryat: $39,400

The J! Archive is created by fans, for fans. The Jeopardy! game show and all elements thereof, including but not limited to copyright and trademark thereto, are the property of Jeopardy Productions, Inc. and are protected under law. This website is not affiliated with, sponsored by, or operated by Jeopardy Productions, Inc. Join the discussion at JBoard.tv.